Top 100 najpopularniejszych miast na świecie pod względem ludności - Statystyki

Ogólne statystyki
  • Ten quiz został rozwiązany 35 razy
  • Średni wynik to 34 z 100
Statystyki odpowiedzi
Miejsce Liczba Ludności Miasto Państwo % Poprawnych
1 37,274,000 Tokio Japonia
94%
25 12,640,818 Moskwa Rosja
87%
6 22,085,140 Meksyk Meksyk
84%
7 21,750,020 Kair Egipt
81%
2 32,065,760 Nowe Delhi Indie
81%
8 21,333,332 Pekin Chiny
81%
28 11,142,303 Paryż Francja
77%
58 6,713,557 Madryt Hiszpania
74%
41 8,930,002 Nowy Jork Stany Zjednoczone
74%
13 15,636,243 Stambuł Turcja
74%
84 4,803,364 Brasilia Brazylia
71%
35 9,540,576 Londyn Wielka Brytania
71%
21 13,634,274 Rio de Janeiro Brazylia
71%
97 4,297,384 Rzym Włochy
71%
76 5,309,690 Ankara Turcja
68%
69 5,658,472 Barcelona Hiszpania
68%
16 15,369,919 Buenos Aires Argentyna
68%
30 11,044,607 Lima Peru
68%
33 9,975,709 Seul Korea Południowa
68%
3 28,516,904 Szanghaj Chiny
68%
60 6,312,974 Toronto Kanada
68%
31 10,899,698 Bangkok Tajlandia
65%
64 6,039,577 Singapur Singapur
65%
49 7,643,256 Hongkong Hong Kong
61%
18 14,406,059 Manila Filipiny
61%
70 5,535,556 Petersburg Rosja
61%
81 5,056,571 Sydney Australia
61%
27 11,344,312 Bogota Kolumbia
55%
29 11,074,811 Dżakarta Indonezja
55%
5 22,429,800 Sao Paulo Brazylia
55%
38 9,381,546 Teheran Iran
55%
80 5,067,324 Hanoi Wietnam
52%
63 6,065,354 Johannesburg Republika Południowej Afryki
52%
10 19,059,856 Osaka Japonia
52%
4 22,478,116 Dhaka Bangladesz
48%
15 15,387,639 Lagos Nigeria
48%
50 7,538,200 Rijad Arabia Saudyjska
48%
74 5,483,605 Aleksandria Egipt
45%
52 7,511,920 Bagdad Irak
42%
93 4,457,473 Kabul Afganistan
42%
14 15,628,085 Kinszasa Demokratyczna Republika Konga
42%
45 8,419,566 Kuala Lumpur Malezja
42%
80 5,118,346 Nairobi Kenia
42%
92 4,470,473 Tajpej Tajwan
42%
42 8,537,646 Wuhan Chiny
42%
62 6,160,327 Chartum Sudan
39%
79 5,150,227 Melbourne Australia
39%
57 6,856,939 Santiago Chile
39%
78 5,227,794 Addis Abeba Etiopia
35%
95 4,343,982 Tel Awiw Izrael
35%
85 4,800,128 Kapsztad Republika Południowej Afryki
32%
20 13,964,637 Kanton Chiny
29%
12 16,839,950 Karaczi Pakistan
29%
40 8,952,496 Luanda Angola
29%
99 4,276,835 Montreal Kanada
26%
75 5,339,583 Guadalajara Meksyk
23%
39 9,077,158 Ho Chi Minh Wietnam
23%
96 4,336,378 Jaunde Kamerun
23%
9 20,961,472 Mumbai Indie
23%
17 15,133,888 Kolkata Indie
19%
82 5,036,356 Monterrey Meksyk
16%
43 8,450,228 Xi`an Chiny
16%
11 16,874,740 Chongqing Chiny
13%
61 6,194,292 Belo Horizonte Brazylia
10%
55 7,404,689 Dar Es Salaam Tanzania
10%
22 13,541,764 Lahaur Pakistan
10%
34 9,571,596 Nagoja Japonia
10%
37 9,429,381 Nankin Chiny
10%
77 5,252,842 Chattogram Bangladesz
6%
36 9,478,521 Chengdu Chiny
6%
65 5,930,140 Dalian Chiny
6%
86 4,780,462 Dżedda Arabia Saudyjska
6%
59 6,665,951 Harbin Chiny
6%
72 5,514,454 Jangon Mjanma (Birma)
6%
24 12,831,330 Shenzhen Chiny
6%
48 7,764,499 Suzhou Chiny
6%
19 14,011,828 Tiencin Chiny
6%
67 5,690,312 Zhengzhou Chiny
6%
44 8,419,566 Ahmedabad Indie
3%
23 13,193,035 Bangalore Indie
3%
83 4,809,364 Changsha Chiny
3%
26 11,503,293 Chennai Indie
3%
73 5,502,591 Fukuoka Japonia
3%
46 8,044,878 Hangzhou Chiny
3%
90 4,496,372 Hefei Chiny
3%
32 10,534,418 Hyderabad Indie
3%
56 6,987,077 Pune Chiny
3%
66 5,865,232 Qingdao Chiny
3%
51 7,527,975 Shenyang Chiny
3%
71 5,515,790 Abudżan Wybrzeże Kości Słoniowej
0%
89 4,616,634 Changchun Chiny
0%
53 7,511,851 Dongguam Chiny
0%
54 7,497,263 Fosham Chiny
0%
68 5,663,015 Jinan Chiny
0%
88 4,657,373 Kunming Chiny
0%
94 4,405,829 Ningbo Chiny
0%
91 4,490,892 Shantau Chiny
0%
98 4,285,278 Shijiazhuang Chiny
0%
47 7,784,276 Surat Indie
0%
87 4,710,483 Uruczmi Chiny
0%
Nie znaleziono quizów pasujących do podanych kryteriów
Rozkład punktacji
Procent ludzi z każdym wynikiem
Percentyl według liczby udzielonych odpowiedzi
Twoja historia wyników
Nie rozwiązałeś tego quizu